Design of concrete structures (Record no. 3628)

000 -LEADER
fixed length control field 00663nam a2200229 a 4500
001 - CONTROL NUMBER
control field 3628
003 - CONTROL NUMBER IDENTIFIER
control field BD-DhUET
008 - FIXED-LENGTH DATA ELEMENTS--GENERAL INFORMATION
fixed length control field 850621s1985 enka b 101 0 eng
020 ## - INTERNATIONAL STANDARD BOOK NUMBER
International Standard Book Number 007Y665486
040 ## - CATALOGING SOURCE
Original cataloging agency DLC
Transcribing agency DLC
Modifying agency BD-DhUET
082 00 - DEWEY DECIMAL CLASSIFICATION NUMBER
Classification number 624.183
Item number NIL/1986
100 ## - MAIN ENTRY--PERSONAL NAME
Personal name Nilson, Arthur H.
245 00 - TITLE STATEMENT
Title Design of concrete structures
Statement of responsibility, etc. by Arthur H. Nilson and George Winter
250 ## - EDITION STATEMENT
Edition statement 10th ed.
260 ## - PUBLICATION, DISTRIBUTION, ETC. (IMPRINT)
Place of publication, distribution, etc. New York:
Name of publisher, distributor, etc. McGraw Hill Book Company,
Date of publication, distribution, etc. 1986.
300 ## - PHYSICAL DESCRIPTION
Extent xi, 380 p. :
Other physical details ill. ;
Dimensions 23 cm.
490 ## - SERIES STATEMENT
Series statement Civil engineering series
504 ## - BIBLIOGRAPHY, ETC. NOTE
Bibliography, etc Includes bibliographies
650 #0 - SUBJECT ADDED ENTRY--TOPICAL TERM
Topical term or geographic name as entry element Reinforced concrete
700 ## - ADDED ENTRY--PERSONAL NAME
Personal name Winter, George
942 ## - ADDED ENTRY ELEMENTS (KOHA)
Koha item type General Book
Holdings
Source of classification or shelving scheme Lost status Withdrawn status Sublocation or collection (holding branch) Shelving location Koha item type Piece designation (barcode) Koha renewals Not for loan Price effective from Koha date last seen Koha full call number Copy number Damaged status Koha normalized classification for sorting Koha out on loan Date acquired Location (home branch) Koha issues (times borrowed) Koha date last borrowed
   Central Library, BUETCirculation sectionGeneral Book778731 2014-11-022026-02-23624.183/NIL/19861 624_000000000000000_183NIL19862027-02-232014-11-02Central Library, BUET62026-02-23
   Central Library, BUETRental sectionRental Item77816  2024-12-042024-12-04624.183 NIL/1986১০/ক-১ 624_183000000000000_NIL_1986 1990-10-23Central Library, BUET  
   Central Library, BUETRental sectionRental Item77817  2024-12-042024-12-04624.183 NIL/1986১০/ক-২ 624_183000000000000_NIL_1986 1990-10-23Central Library, BUET  
   Central Library, BUETRental sectionRental Item77818  2024-12-042024-12-04624.183 NIL/1986১০/ক-৩ 624_183000000000000_NIL_1986 1990-10-23Central Library, BUET  
   Central Library, BUETRental sectionRental Item77819  2024-12-042024-12-04624.183 NIL/1986১০/ক-৪ 624_183000000000000_NIL_1986 1990-10-23Central Library, BUET  
   Central Library, BUETRental sectionRental Item77820  2024-12-042024-12-04624.183 NIL/1986১০/ক-৫ 624_183000000000000_NIL_1986 1990-10-23Central Library, BUET  
   Central Library, BUETRental sectionRental Item77821  2024-12-042024-12-04624.183 NIL/1986১০/ক-৬ 624_183000000000000_NIL_1986 1990-10-23Central Library, BUET  
   Central Library, BUETRental sectionRental Item77822  2024-12-042024-12-04624.183 NIL/1986১০/ক-৭ 624_183000000000000_NIL_1986 1990-10-23Central Library, BUET  
   Central Library, BUETRental sectionRental Item77823  2024-12-042024-12-04624.183 NIL/1986১০/ক-৮ 624_183000000000000_NIL_1986 1990-10-23Central Library, BUET  
   Central Library, BUETRental sectionRental Item77824  2024-12-042024-12-04624.183 NIL/1986১০/ক-৯ 624_183000000000000_NIL_1986 1990-10-23Central Library, BUET  
   Central Library, BUETRental sectionRental Item77825  2024-12-042024-12-04624.183 NIL/1986১০/ক-১০ 624_183000000000000_NIL_1986 1990-10-23Central Library, BUET  
   Central Library, BUETRental sectionRental Item77826  2024-12-042024-12-04624.183 NIL/1986১০/ক-১১ 624_183000000000000_NIL_1986 1990-10-23Central Library, BUET  
   Central Library, BUETRental sectionRental Item77827  2024-12-042024-12-04624.183 NIL/1986১০/ক-১২ 624_183000000000000_NIL_1986 1990-10-23Central Library, BUET  
   Central Library, BUETRental sectionRental Item77828  2024-12-042024-12-04624.183 NIL/1986১০/ক-১৩ 624_183000000000000_NIL_1986 1990-10-23Central Library, BUET  
   Central Library, BUETRental sectionRental Item77829  2024-12-042024-12-04624.183 NIL/1986১০/ক-১৪ 624_183000000000000_NIL_1986 1990-10-23Central Library, BUET  
   Central Library, BUETRental sectionRental Item77830  2024-12-042024-12-04624.183 NIL/1986১০/ক-১৫ 624_183000000000000_NIL_1986 1990-10-23Central Library, BUET  
   Central Library, BUETRental sectionRental Item77831  2024-12-042024-12-04624.183 NIL/1986১০/ক-১৬ 624_183000000000000_NIL_1986 1990-10-23Central Library, BUET  
   Central Library, BUETRental sectionRental Item77832  2024-12-042024-12-04624.183 NIL/1986১০/ক-১৭ 624_183000000000000_NIL_1986 1990-10-23Central Library, BUET  
   Central Library, BUETRental sectionRental Item77833  2024-12-042024-12-04624.183 NIL/1986১০/ক-১৮ 624_183000000000000_NIL_1986 1990-10-23Central Library, BUET  
   Central Library, BUETRental sectionRental Item77834  2024-12-042024-12-04624.183 NIL/1986১০/ক-১৯ 624_183000000000000_NIL_1986 1990-10-23Central Library, BUET  
   Central Library, BUETRental sectionRental Item77835  2024-12-042024-12-04624.183 NIL/1986১০/ক-২০ 624_183000000000000_NIL_1986 1990-10-23Central Library, BUET